[Event "Detroit (HPO/2/30)"]
[Site "?"]
[Date "1991.??.??"]
[Round "?"]
[White "Ashman, Brad"]
[Black "Rostrom, Richard"]
[Result "0-1"]
[WhiteElo "1605"]
[BlackElo "1660"]
[PlyCount "100"]
[EventDate "1991.??.??"]

{2/(30)} 1. e4 c6 2. Nc3 d5 3. d4 dxe4 4. Nxe4 Bf5 5. f3 e6 6. Ne2 Nf6 7. N2g3
Bg6 8. Bg5 Be7 9. Bd3 O-O 10. Nxf6+ Bxf6 11. Bxf6 Qxf6 12. Bxg6 Qxg6 13. Qe2
Nd7 14. O-O-O Nb6 15. Ne4 Rfd8 16. g4 Nd5 17. Qd2 Nf6 18. Qg5 Nxe4 19. Qxg6
hxg6 20. fxe4 Rd7 21. c4 Rad8 22. d5 cxd5 23. exd5 exd5 24. Rxd5 Rxd5 25. cxd5
Rxd5 26. Rd1 Rxd1+ 27. Kxd1 g5 28. Ke2 g6 29. Kf3 f5 30. Kg3 Kg7 31. h4 f4+ 32.
Kh3 gxh4 33. Kxh4 Kf6 34. b4 g5+ 35. Kh3 Ke5 36. Kg2 Kd4 37. Kf2 Kc4 38. Ke2
Kxb4 39. Kd3 Ka3 40. Ke4 Kxa2 41. Kf5 f3 42. Kxg5 f2 43. Kg6 f1=Q 44. g5 b5 45.
Kg7 b4 46. g6 b3 47. Kg8 Qg1 48. g7 b2 49. Kh7 b1=Q+ 50. Kh8 Qb8+ 0-1

[Event "Detroit (HPO/5/32)"]
[Site "?"]
[Date "1991.??.??"]
[Round "?"]
[White "Ashman, Brad"]
[Black "McCarter, Robert"]
[Result "1-0"]
[WhiteElo "1605"]
[BlackElo "1725"]
[PlyCount "95"]
[EventDate "1991.??.??"]

{5/(32)} 1. e4 c6 2. d4 d5 3. e5 Bf5 4. Bd3 Bxd3 5. Qxd3 e6 6. Nf3 c5 7. c4
dxc4 8. Qxc4 cxd4 9. Nxd4 Qa5+ 10. Nc3 Qxe5+ 11. Be3 Nd7 12. Ndb5 Bd6 13. Nxd6+
Qxd6 14. Nb5 Qb8 15. Nc7+ Kd8 16. Nxa8 Qxa8 17. O-O Ngf6 18. Bg5 Ke7 19. Bxf6+
Nxf6 20. Qc5+ Kd8 21. Qd6+ Ke8 22. Rac1 Nd5 23. Rc2 Qd8 24. Qxd8+ Kxd8 25. Rfc1
Kd7 26. a4 a5 27. f4 Re8 28. Rd1 Ke7 29. f5 Ne3 30. Rc7+ Kf8 31. Rdd7 Nxf5 32.
Rxf7+ Kg8 33. Rxb7 Rd8 34. Rfd7 Rf8 35. b4 axb4 36. Rxb4 Ne3 37. Rb1 Rf4 38.
Ra1 Nd5 39. a5 Nf6 40. Re7 Nd5 41. Rxe6 Nc7 42. Rc6 Nb5 43. a6 Na7 44. Rc7 Nb5
45. Rc8+ Kf7 46. a7 Nxa7 47. Rxa7+ Kg6 48. Rc6+ 1-0

[Event "East Lansing (MOR/2)"]
[Site "?"]
[Date "1991.??.??"]
[Round "?"]
[White "Ashman, Brad"]
[Black "Brewer, R."]
[Result "0-1"]
[WhiteElo "1605"]
[BlackElo "1605"]
[PlyCount "46"]
[EventDate "1991.??.??"]

1. e4 c6 2. Nc3 d5 3. f3 d4 4. Nce2 e5 5. d3 Nf6 6. f4 Nbd7 7. Nf3 Bb4+ 8. Bd2
Bxd2+ 9. Qxd2 O-O 10. fxe5 Ng4 11. Nexd4 Ndxe5 12. O-O-O Nxf3 13. Nxf3 Qb6 14.
d4 Be6 15. b3 Nf6 16. d5 cxd5 17. exd5 Bxd5 18. Bd3 Be4 19. Ne5 Bxd3 20. Nxd3
Rfd8 21. Qc3 Ne4 22. Qe1 Qd4 23. Rf1 Qa1# 0-1

[Event "East Lansing (MOR/4)"]
[Site "?"]
[Date "1991.??.??"]
[Round "?"]
[White "Ashman, Brad"]
[Black "Aldrich, Justin"]
[Result "1-0"]
[WhiteElo "1605"]
[BlackElo "1605"]
[PlyCount "115"]
[EventDate "1991.??.??"]

1. e4 e5 2. Nf3 d6 3. Nc3 Nf6 4. Bc4 Be7 5. d3 O-O 6. O-O Nc6 7. Nd5 Nxd5 8.
Bxd5 Nd4 9. c3 Nxf3+ 10. Qxf3 Bd7 11. a3 Bg5 12. Qg3 Bxc1 13. Raxc1 c6 14. Ba2
Qc8 15. f4 Be6 16. Bxe6 Qxe6 17. c4 d5 18. b3 Rfd8 19. fxe5 dxe4 20. dxe4 Rd2
21. Rf2 Rad8 22. Qf3 b5 23. Rff1 R8d3 24. Qf5 Qxf5 25. exf5 bxc4 26. bxc4 Rd4
27. Rce1 h6 28. e6 fxe6 29. fxe6 Rd8 30. e7 Re8 31. Rf2 Rd7 32. Rfe2 Kf7 33.
Rf1+ Kg8 34. Rfe1 a5 35. a4 c5 36. g3 Kf7 37. Rf1+ Kg6 38. Rf8 Rdxe7 39. Rxe7
Rxf8 40. Re6+ Kf5 41. Rc6 Kg4 42. Rg6+ Kh3 43. Rxg7 Rf3 44. Rc7 Rc3 45. Rxc5
Kg4 46. Kg2 Rc2+ 47. Kg1 Re2 48. Kf1 Kf3 49. Rf5+ Ke3 50. Re5+ Kf3 51. Rxe2 Kg4
52. c5 h5 53. c6 h4 54. gxh4 Kxh4 55. c7 Kh3 56. c8=Q+ Kh4 57. Rg2 Kh5 58. Qh3#
1-0

[Event "Detroit (MI Action/2)"]
[Site "?"]
[Date "1991.??.??"]
[Round "?"]
[White "Arnold, J."]
[Black "Vallade, J."]
[Result "0-1"]
[WhiteElo "1605"]
[BlackElo "1605"]
[PlyCount "34"]
[EventDate "1991.??.??"]

1. e4 e5 2. Nf3 Nc6 3. c3 Nf6 4. Qc2 d5 5. d3 dxe4 6. dxe4 Bg4 7. Bg5 Bc5 8.
Bb5 O-O 9. O-O Bh5 10. Nbd2 Bg6 11. Rad1 a6 12. Bc4 Na5 13. Nb3 Bxe4 14. Qe2
Qe8 15. Nxa5 Bg6 16. Nb3 e4 17. Nfd2 Bh5 0-1

[Event "Detroit (MI Action/6)"]
[Site "?"]
[Date "1991.??.??"]
[Round "?"]
[White "Arnold, J."]
[Black "Ruelas, Erik"]
[Result "0-1"]
[WhiteElo "1605"]
[BlackElo "1605"]
[PlyCount "74"]
[EventDate "1991.??.??"]

1. e4 e5 2. d3 Nf6 3. f3 d6 4. Be3 Nc6 5. Nc3 d5 6. exd5 Nxd5 7. Nxd5 Qxd5 8.
Ne2 Be6 9. b3 g6 10. Nc3 Qa5 11. Bd2 Bg7 12. Ne4 Qd5 13. Be3 O-O 14. Be2 Nd4
15. O-O b6 16. Bxd4 Qxd4+ 17. Nf2 Qf4 18. Ne4 Qe3+ 19. Kh1 Qd4 20. Qd2 Qd7 21.
f4 exf4 22. Rae1 f5 23. Ng5 Bh6 24. Nf3 Bd5 25. d4 Bc6 26. Bc4+ Kh8 27. Qc3 b5
28. Be6 Qd6 29. Re2 Rae8 30. d5+ Bg7 31. Qxc6 Qxc6 32. dxc6 Rf6 33. Rfe1 Bf8
34. Bd7 Rxe2 35. Rxe2 Kg7 36. Ne5 Bd6 37. Nc4 bxc4 0-1

[Event "Detroit (MI Action/5)"]
[Site "?"]
[Date "1991.??.??"]
[Round "?"]
[White "Arnold, J."]
[Black "Martell, Raul"]
[Result "0-1"]
[WhiteElo "1605"]
[BlackElo "1605"]
[PlyCount "46"]
[EventDate "1991.??.??"]

1. e4 Nf6 2. Nc3 Nc6 3. Nf3 e5 4. Nb5 a6 5. Na3 Bc5 6. Ng5 d5 7. exd5 Nxd5 8.
d3 Qf6 9. Ne4 Qe7 10. Be3 Bxe3 11. fxe3 Nxe3 12. Qe2 Ng4 13. O-O-O Nd4 14. Qe1
Qd7 15. h3 Nf6 16. Nxf6+ gxf6 17. Qh4 Qc6 18. Nc4 b5 19. Ne3 b4 20. Nc4 Qa4 21.
b3 Qxa2 22. Kd2 Qxc2+ 23. Ke3 Nf5+ 0-1

[Event "Detroit (HPO/3/31)"]
[Site "?"]
[Date "1991.??.??"]
[Round "?"]
[White "Anderson, JA."]
[Black "Ruelas, Erik"]
[Result "1-0"]
[WhiteElo "1835"]
[BlackElo "1605"]
[PlyCount "41"]
[EventDate "1991.??.??"]

{3/(31)} 1. e4 c5 2. Nf3 Nc6 3. d4 b6 4. d5 Na5 5. c4 d6 6. b3 Ba6 7. Bb2 e5 8.
dxe6 fxe6 9. Be2 Ne7 10. O-O e5 11. Nc3 Nb7 12. Ng5 Ng6 13. Ne6 Qe7 14. Bg4 Qf6
15. Nd5 Qf7 16. Ndc7+ Ke7 17. Nxa8 Na5 18. Nac7 Bb7 19. Nd5+ Ke8 20. Nec7+ Kd8
21. Be6 1-0

[Event "Detroit (HPO/1/28)"]
[Site "?"]
[Date "1991.??.??"]
[Round "?"]
[White "Anderson, JA."]
[Black "Ghiata, Gheorghe"]
[Result "0-1"]
[WhiteElo "1835"]
[BlackElo "1920"]
[PlyCount "94"]
[EventDate "1991.??.??"]

{1/(28)} 1. e4 e5 2. Nf3 Nc6 3. Bc4 Nf6 4. Ng5 d5 5. exd5 b5 6. Bxb5 Qxd5 7.
Bxc6+ Qxc6 8. Qf3 e4 9. Qb3 h6 10. Nxf7 Be6 11. Ne5 Bxb3 12. Nxc6 Bxc2 13. O-O
Bd6 14. h3 Kd7 15. Nd4 Bd3 16. Re1 g6 17. Nc3 Rhf8 18. Nd1 c5 19. Ne2 Nd5 20.
Ne3 Nxe3 21. dxe3 Rf7 22. Nf4 Bxf4 23. exf4 c4 24. Be3 a5 25. Red1 a4 26. a3
Ke6 27. g3 Kd5 28. Rac1 Rb8 29. Rc2 h5 30. Bc1 h4 31. gxh4 Ke6 32. Rc3 Rfb7 33.
Re1 Kd5 34. Rd1 Rxb2 35. Bxb2 Rxb2 36. Ra1 Kd4 37. Rcc1 Rb7 38. Ra2 c3 39. Kg2
Rf7 40. Rd1 Rxf4 41. Rc1 Rf3 42. Rd1 Kc4 43. Raa1 c2 44. Rdc1 Kc3 45. Ra2 Rf6
46. Kg1 Rb6 47. Raa1 Kd2 0-1

[Event "East Lansing (MOR/6)"]
[Site "?"]
[Date "1991.??.??"]
[Round "?"]
[White "Anderson, D."]
[Black "Sledge, Ernest"]
[Result "0-1"]
[WhiteElo "1605"]
[BlackElo "1670"]
[PlyCount "66"]
[EventDate "1991.??.??"]

1. e4 e6 2. d4 c6 3. Nf3 d5 4. e5 Ne7 5. Bd3 Nd7 6. O-O g6 7. Bg5 Bg7 8. Qd2
O-O 9. Bh6 f6 10. Bxg7 Kxg7 11. exf6+ Nxf6 12. Ne5 Nh5 13. g3 Nf6 14. Qe2 Nfg8
15. Nd2 Nh6 16. Kg2 Nef5 17. c3 Qf6 18. Rh1 Nd6 19. h4 Nhf5 20. h5 g5 21. Ng4
Qe7 22. Qe5+ Kg8 23. h6 Bd7 24. Nf3 Qf7 25. Nxg5 Qg6 26. Nxh7 Kxh7 27. Qe2 Ne4
28. Rh2 Kh8 29. Rah1 Kh7 30. Bxe4 dxe4 31. Qxe4 Nh4+ 32. Rxh4 Qxe4+ 33. Kh3
Qxh1+ 0-1

[Event "Ann Arbor (HVA/4/13)"]
[Site "?"]
[Date "1991.??.??"]
[Round "?"]
[White "Anderson, D."]
[Black "Schultz, D."]
[Result "1-0"]
[WhiteElo "1605"]
[BlackElo "1605"]
[PlyCount "39"]
[EventDate "1991.??.??"]

{4/(13)} 1. e4 e5 2. Nf3 Nc6 3. Bb5 Nge7 4. c3 a6 5. Ba4 b5 6. Bb3 Bb7 7. O-O
d5 8. d4 Qd6 9. Re1 dxe4 10. Ng5 Nd5 11. Nxe4 Qd8 12. Bg5 f6 13. Bh4 Be7 14.
Qh5+ g6 15. Qh6 Bf8 16. Qd2 Bg7 17. Bxd5 Qxd5 18. Bxf6 Rg8 19. Bxg7 Rxg7 20.
Nf6+ 1-0

[Event "East Lansing (MOR/5)"]
[Site "?"]
[Date "1991.??.??"]
[Round "?"]
[White "Anderson, D."]
[Black "Pointer, Gilbert"]
[Result "1-0"]
[WhiteElo "1605"]
[BlackElo "1760"]
[PlyCount "67"]
[EventDate "1991.??.??"]

1. e4 d6 2. Nf3 Bg4 3. Be2 Nf6 4. Nc3 Nc6 5. d4 g6 6. Be3 Bg7 7. h3 Bd7 8. Qd2
O-O 9. Bh6 e5 10. Bxg7 Kxg7 11. dxe5 Nxe5 12. Nxe5 dxe5 13. O-O-O Qe7 14. Bc4
Rad8 15. Qe3 a6 16. Bb3 Bc6 17. f3 Rd6 18. g4 Rfd8 19. h4 h5 20. Qg5 Qd7 21.
gxh5 Nxh5 22. Rhg1 Nf4 23. Qxe5+ f6 24. Qxf4 b5 25. Rxd6 cxd6 26. Qg3 Qe8 27.
Nd5 Rd7 28. Qf4 Qd8 29. Ne3 Rc7 30. Nf5+ Kf8 31. Qh6+ Ke8 32. Ng7+ Kd7 33. Be6+
Ke7 34. Qxg6 1-0

[Event "Ann Arbor (HVA/5/8)"]
[Site "?"]
[Date "1991.??.??"]
[Round "?"]
[White "Anderson, D."]
[Black "McCarter, Robert"]
[Result "0-1"]
[WhiteElo "1605"]
[BlackElo "1725"]
[PlyCount "112"]
[EventDate "1991.??.??"]

{5/(8)} 1. e4 c6 2. d4 d5 3. e5 Bf5 4. Nc3 e6 5. Be2 c5 6. Be3 Qb6 7. Na4 Qb4+
8. c3 Qa5 9. Nf3 cxd4 10. Nxd4 Ne7 11. O-O Nbc6 12. b4 Qc7 13. f4 a6 14. Qb3
Nxd4 15. Bxd4 Nc6 16. Bf2 b5 17. Nc5 Be7 18. Qd1 O-O 19. g4 Be4 20. Bd3 Bxd3
21. Qxd3 Rfd8 22. Rad1 Bf8 23. g5 Ne7 24. Qf3 Nf5 25. h4 Bxc5 26. Bxc5 Qd7 27.
h5 Rac8 28. Rf2 Qe8 29. Rh2 Rd7 30. Rdd2 Qd8 31. g6 fxg6 32. hxg6 h6 33. Rh5 d4
34. cxd4 Nxd4 35. Bxd4 Rxd4 36. Rf2 Rd1+ 37. Kg2 Rcc1 38. Rh2 Rg1+ 39. Kh3 Rxg6
40. Rhg2 Rh1+ 41. Rh2 Rhg1 42. Rfg2 R1xg2 43. Rxg2 Rxg2 44. Qxg2 Qd3+ 45. Qg3
Qxg3+ 46. Kxg3 g6 47. Kh4 Kf7 48. Kg4 Ke7 49. Kh4 Kd7 50. Kg3 Kc6 51. Kf3 Kd5
52. Ke3 h5 53. Kd3 h4 54. Ke3 h3 55. Kf3 h2 56. Kg2 Ke4 0-1

[Event "East Lansing (MOR/2)"]
[Site "?"]
[Date "1991.??.??"]
[Round "?"]
[White "Anderson, D."]
[Black "Demers, J."]
[Result "1-0"]
[WhiteElo "1605"]
[BlackElo "1605"]
[PlyCount "85"]
[EventDate "1991.??.??"]

1. e4 e5 2. Nf3 Nc6 3. Bb5 a6 4. Ba4 b5 5. Bb3 d6 6. h3 Na5 7. Nc3 Nxb3 8. axb3
Nf6 9. d4 exd4 10. Nxd4 Bb7 11. O-O Be7 12. Re1 O-O 13. Nf5 Re8 14. Bg5 h6 15.
Bh4 Nd7 16. Qg4 Bg5 17. f4 Nf6 18. Qg3 Nh5 19. Qg4 Bxh4 20. Nxh4 g6 21. f5 Bc8
22. Rf1 Nf6 23. Qf3 g5 24. e5 gxh4 25. Qxa8 dxe5 26. Qf3 Qd4+ 27. Rf2 e4 28.
Qf4 Qc5 29. Qxh6 e3 30. Qg5+ Kf8 31. Re2 b4 32. Qxf6 bxc3 33. bxc3 Bxf5 34. Rf1
Be6 35. Qh8+ Ke7 36. Qxh4+ Kd7 37. Rd1+ Kc8 38. Qa4 Kb7 39. Qxe8 Qxc3 40. Rde1
Qg7 41. Rxe3 Bxh3 42. Rxh3 Qc3 43. Rxc3 1-0

[Event "Ann Arbor (HVA/2/15)"]
[Site "?"]
[Date "1991.??.??"]
[Round "?"]
[White "Anderson, D."]
[Black "Aldrich, Justin"]
[Result "1-0"]
[WhiteElo "1605"]
[BlackElo "1605"]
[PlyCount "55"]
[EventDate "1991.??.??"]

{2/(15)} 1. e4 e5 2. Nf3 Nf6 3. Nxe5 Nxe4 4. d4 d6 5. Nf3 Bg4 6. Bd3 Bxf3 7.
Qxf3 Ng5 8. Qxb7 Nd7 9. O-O Be7 10. Bxg5 Bxg5 11. Re1+ Be7 12. Qe4 Nf6 13. Qf3
Rb8 14. b3 O-O 15. Nc3 h6 16. Re2 Rb6 17. Rae1 Re8 18. Nd5 Nxd5 19. Qxd5 Qd7
20. Bc4 Kh8 21. Qxf7 Rf8 22. Qxe7 Qxe7 23. Rxe7 Rc6 24. Bd3 Rc3 25. Bg6 Kg8 26.
Re8 Re3 27. R1xe3 Rxe8 28. Rxe8# 1-0

[Event "Ann Arbor (HVA/1/14)"]
[Site "?"]
[Date "1991.??.??"]
[Round "?"]
[White "Aldrich, Justin"]
[Black "Tobis, B."]
[Result "0-1"]
[WhiteElo "1605"]
[BlackElo "1700"]
[PlyCount "110"]
[EventDate "1991.??.??"]

{1/(14)} 1. e4 c5 2. Bc4 Nc6 3. Nf3 a6 4. O-O d6 5. Nc3 Bg4 6. h3 Bxf3 7. Qxf3
Ne5 8. Qe2 Nxc4 9. Qxc4 Nf6 10. d3 b5 11. Qb3 g6 12. Nd5 Bg7 13. Bg5 Nxd5 14.
Qxd5 O-O 15. Qb7 Re8 16. b3 h6 17. Be3 e6 18. a4 Re7 19. Qc6 Rea7 20. e5 Bxe5
21. axb5 Rc8 22. Qe4 Qb6 23. c3 Bxc3 24. Rac1 Bg7 25. Rc2 axb5 26. d4 Rac7 27.
Rfc1 cxd4 28. Bf4 Rxc2 29. Rxc2 Rxc2 30. Qxc2 Qc5 31. Qe4 d5 32. Qb1 Qc3 33.
Qd1 d3 34. Bd2 Qa1 35. Qxa1 Bxa1 36. Bxh6 Bc3 37. Kf1 d4 38. Bf4 f6 39. f3 Kf7
40. g4 e5 41. Bc1 d2 42. Bxd2 Bxd2 43. Ke2 Bc3 44. Kd3 b4 45. Kc4 Ke6 46. h4 f5
47. gxf5+ Kxf5 48. Kd3 Kf4 49. Kc4 Kxf3 50. Kd3 e4+ 51. Kc2 Kf2 52. Kc1 e3 53.
Kd1 e2+ 54. Kc2 e1=Q 55. Kd3 Qe2# 0-1

[Event "Ann Arbor (HVA/5/14)"]
[Site "?"]
[Date "1991.??.??"]
[Round "?"]
[White "Aldrich, Justin"]
[Black "Shelters, Richard"]
[Result "0-1"]
[WhiteElo "1605"]
[BlackElo "1605"]
[PlyCount "70"]
[EventDate "1991.??.??"]

{5/(14)} 1. e4 e5 2. Bc4 Nf6 3. Nc3 Bb4 4. Nd5 Bc5 5. Qe2 d6 6. Nf3 Ng4 7. O-O
Bxf2+ 8. Rxf2 Nxf2 9. Qxf2 Be6 10. Ng5 Qxg5 11. d3 Qd8 12. Qg3 O-O 13. Bg5 f6
14. Bd2 c6 15. Ne3 d5 16. Bb3 Na6 17. Qf3 Nc5 18. Bxd5 cxd5 19. exd5 Bf7 20.
Bb4 Qb6 21. a3 Rac8 22. Bxc5 Rxc5 23. c4 Rfc8 24. Rb1 Bg6 25. Qd1 Rxc4 26. dxc4
Bxb1 27. Qxb1 Qxe3+ 28. Kf1 Qf4+ 29. Ke2 Qxc4+ 30. Kd2 Qxd5+ 31. Ke3 Rc4 32.
Qf1 Qd4+ 33. Kf3 Qf4+ 34. Ke2 Rc2+ 35. Ke1 Qd2# 0-1

[Event "East Lansing (MOR/7)"]
[Site "?"]
[Date "1991.??.??"]
[Round "?"]
[White "Aldrich, Justin"]
[Black "Mitchell, Dave"]
[Result "0-1"]
[WhiteElo "1605"]
[BlackElo "1605"]
[PlyCount "38"]
[EventDate "1991.??.??"]

1. e4 c6 2. Nf3 d5 3. exd5 cxd5 4. d3 Nc6 5. Bf4 Bg4 6. h3 Bh5 7. Be2 d4 8. Ne5
Nxe5 9. Bxe5 Qa5+ 10. c3 Qxe5 11. cxd4 Qa5+ 12. Nc3 Bxe2 13. Qxe2 e6 14. O-O
Nf6 15. a3 Qc7 16. Rae1 Qf4 17. Ne4 Nd5 18. Nd6+ Bxd6 19. Rc1 Qh2# 0-1

[Event "East Lansing (MOR/5)"]
[Site "?"]
[Date "1991.??.??"]
[Round "?"]
[White "Aldrich, Justin"]
[Black "Berger, Byron"]
[Result "0-1"]
[WhiteElo "1605"]
[BlackElo "1605"]
[PlyCount "96"]
[EventDate "1991.??.??"]

1. e4 e5 2. Nf3 Nf6 3. Nc3 Nc6 4. Bc4 Nxe4 5. Nxe4 d5 6. Qe2 dxc4 7. Qxc4 Be6
8. Qb5 Qd5 9. Qa4 b5 10. Qb3 Qxe4+ 11. Qe3 Qxe3+ 12. dxe3 Be7 13. O-O O-O 14.
h3 Rad8 15. Bd2 Bd5 16. a3 Bxf3 17. gxf3 Rxd2 18. f4 Rxc2 19. fxe5 Rxb2 20. f4
f6 21. a4 bxa4 22. Rxa4 fxe5 23. fxe5 Rxf1+ 24. Kxf1 Bg5 25. e4 Kf7 26. Rc4 Rb6
27. Rc5 Ke6 28. Kf2 a5 29. Kf3 a4 30. Kg4 Be3 31. Rc3 Nxe5+ 32. Kg3 Rb3 33. Rc2
Bb6+ 34. Kf4 Be3+ 35. Kg3 a3 36. Ra2 c5 37. Kg2 Rb2+ 38. Rxb2 axb2 39. Kg3 b1=Q
40. Kh4 Qxe4+ 41. Kg3 Bf2+ 42. Kxf2 c4 43. h4 c3 44. Kg3 c2 45. Kh3 Qf3+ 46.
Kh2 c1=R 47. h5 Rc2+ 48. Kg1 Qd1# 0-1

[Event "Ann Arbor (HVA/4/2)"]
[Site "?"]
[Date "1991.??.??"]
[Round "?"]
[White "Aldrich, Jeff"]
[Black "Schmoldt, J."]
[Result "1-0"]
[WhiteElo "1900"]
[BlackElo "1770"]
[PlyCount "59"]
[EventDate "1991.??.??"]

{4/(2)} 1. d4 f5 2. c4 e6 3. Nc3 Nf6 4. Nf3 Be7 5. e3 O-O 6. Bd3 Qe8 7. O-O d6
8. b4 Nbd7 9. Bb2 c6 10. Qb3 Qh5 11. Be2 Kh8 12. d5 exd5 13. cxd5 Qh6 14. Nd4
Ne5 15. h3 g5 16. f4 gxf4 17. exf4 Ng6 18. dxc6 bxc6 19. Nxc6 Bd7 20. Nxe7 Nxe7
21. Rad1 Rad8 22. Nd5 Be6 23. Bc4 Bxd5 24. Bxd5 Nexd5 25. Qxd5 Kg7 26. Qe6 Qg6
27. Rxd6 Rxd6 28. Qxd6 Kh6 29. Qxf8+ Kh5 30. Qxf6 1-0

[Event "Ann Arbor (HVA/3/1)"]
[Site "?"]
[Date "1991.??.??"]
[Round "?"]
[White "Aldrich, Jeff"]
[Black "Kung, Fred"]
[Result "1/2-1/2"]
[WhiteElo "1900"]
[BlackElo "1840"]
[PlyCount "123"]
[EventDate "1991.??.??"]

{3/(1)} 1. d4 d5 2. c4 e6 3. Nc3 c5 4. cxd5 exd5 5. Nf3 Nc6 6. e3 c4 7. Be2 Nf6
8. O-O Bb4 9. Qc2 O-O 10. a3 Bxc3 11. Qxc3 Ne4 12. Qe1 b5 13. Nd2 f5 14. f3 Nf6
15. Nb1 Bd7 16. Bd2 Re8 17. Nc3 Rb8 18. Qg3 Qe7 19. Rae1 a5 20. e4 fxe4 21.
fxe4 Nxd4 22. Bg5 Nxe2+ 23. Rxe2 Qc5+ 24. Kh1 Nxe4 25. Nxe4 dxe4 26. Bf6 g6 27.
Rxe4 Rf8 28. Ref4 Rf7 29. Rxc4 Qb6 30. Rcf4 Rbf8 31. Bc3 Qe6 32. Rxf7 Rxf7 33.
Rxf7 Qxf7 34. Kg1 Qf5 35. Qb8+ Kf7 36. Qc7 Qb1+ 37. Kf2 Qc2+ 38. Ke1 Qe4+ 39.
Kf2 Qc2+ 40. Ke3 Qf5 41. Bxa5 Qe6+ 42. Kf3 Qc6+ 43. Qxc6 Bxc6+ 44. Kf2 h5 45.
g3 Bd5 46. Ke3 Ke6 47. Kf4 Bb3 48. Kg5 Bc2 49. h4 Kd5 50. Bc3 Kc4 51. g4 hxg4
52. Kxg4 Kb3 53. Kf4 Kc4 54. Ke3 Bb3 55. Bf6 Bc2 56. Be5 Bf5 57. Kd2 Kb3 58.
Bc3 Be4 59. Ke3 Bf5 60. Kf4 Bc2 61. Ke5 Bd3 62. Kd4 1/2-1/2

[Event "Ann Arbor (HVA/1/1)"]
[Site "?"]
[Date "1991.??.??"]
[Round "?"]
[White "Aldrich, Jeff"]
[Black "Griffin, John"]
[Result "1-0"]
[WhiteElo "1900"]
[BlackElo "1605"]
[PlyCount "81"]
[EventDate "1991.??.??"]

{1/(1)} 1. d4 Nf6 2. c4 e6 3. Nc3 b6 4. Nf3 Bb4 5. Qc2 Bb7 6. Bd2 Bxc3 7. Bxc3
d5 8. e3 Ne4 9. cxd5 Nxc3 10. Qxc3 exd5 11. Rc1 c6 12. Ne5 O-O 13. Bd3 f6 14.
Nf3 Nd7 15. Qc2 g6 16. h4 Rf7 17. h5 f5 18. hxg6 hxg6 19. Nh4 Qf6 20. Rh3 Kf8
21. Kd2 Ke7 22. f4 Nf8 23. Nf3 Rc8 24. Ne5 Rg7 25. Qa4 c5 26. Qxa7 Kd8 27. dxc5
Ra8 28. Qxb6+ Qxb6 29. cxb6 Rxa2 30. Rc2 Ne6 31. Bb5 d4 32. Rh8+ Ke7 33. Bc6
dxe3+ 34. Kxe3 Bxc6 35. Nxc6+ Kf6 36. Rb8 Ra4 37. g3 Rd7 38. b7 Re4+ 39. Kf2
Nc5 40. Rf8+ Kg7 41. b8=Q 1-0

[Event "Wayne County Open"]
[Site "Detroit, Mich."]
[Date "1991.01.05"]
[Round "1"]
[White "Moody, David"]
[Black "Walker, Leroy"]
[Result "1-0"]
[WhiteElo "2043"]
[BlackElo "1512"]
[PlyCount "79"]
[EventDate "1991.01.05"]

1. e4 e5 2. Nf3 Nc6 3. d4 exd4 4. Bc4 Be7 5. c3 Bf6 6. cxd4 Nxd4 7. Nxd4 Qe7 8.
Nc3 Qc5 9. Bxf7+ Kxf7 10. Be3 Bxd4 11. Bxd4 Qg5 12. Qf3+ Nf6 13. h4 Qg4 14.
Qxg4 Nxg4 15. f3 Nh6 16. Nd5 c6 17. Nc7 Rb8 18. Bxa7 d6 19. Bxb8 Bd7 20. Ba7
Rc8 21. Bb6 Ng8 22. O-O-O Ke7 23. e5 d5 24. e6 Be8 25. Nxe8 Rxe8 26. Bc5+ Kd8
27. Rhe1 Ne7 28. Bxe7+ Kxe7 29. Rd4 Rf8 30. Rg4 g6 31. h5 Rf6 32. hxg6 hxg6 33.
Rh4 Rxe6 34. Rh7+ Kd6 35. Rxe6+ Kxe6 36. Rxb7 Ke5 37. a4 Kd4 38. a5 Ke3 39. a6
d4 40. a7 1-0

[Event "Wayne County Open"]
[Site "Detroit, Mich."]
[Date "1991.01.05"]
[Round "2"]
[White "Moody, David"]
[Black "Mazuchowski, Thomas"]
[Result "0-1"]
[WhiteElo "2043"]
[BlackElo "2210"]
[PlyCount "62"]
[EventDate "1991.01.05"]

1. e4 c5 2. Nf3 Nc6 3. d4 cxd4 4. Nxd4 e5 5. Nb5 d6 6. N1c3 a6 7. Na3 b5 8. Nd5
Nge7 9. Be3 Nxd5 10. Qxd5 Bb7 11. Qd2 Be7 12. Bd3 d5 13. exd5 Qxd5 14. f3 Qe6
15. O-O O-O 16. Nb1 Rfd8 17. Qf2 f5 18. a3 e4 19. fxe4 fxe4 20. Be2 Rf8 21. Qg3
Rxf1+ 22. Kxf1 Rf8+ 23. Kg1 Ne5 24. Nd2 Bd6 25. Qh4 Nf3+ 26. gxf3 exf3 27. Bc4
bxc4 28. Qxc4 Bd5 29. Qd3 f2+ 30. Bxf2 Qg4+ 31. Kf1 Qg2+ 0-1

[Event "Wayne County Open"]
[Site "Detroit, Mich."]
[Date "1991.01.05"]
[Round "3"]
[White "Burke, Tim"]
[Black "Moody, David"]
[Result "0-1"]
[WhiteElo "1550"]
[BlackElo "2043"]
[PlyCount "82"]
[EventDate "1991.01.05"]

1. e4 e5 2. Nf3 Nc6 3. Bb5 a6 4. Ba4 Nf6 5. O-O Be7 6. Re1 b5 7. Bb3 O-O 8. c3
d5 9. exd5 Nxd5 10. h3 Bb7 11. d4 exd4 12. Nxd4 Bc5 13. Nf3 Nf6 14. Qxd8 Raxd8
15. Bf4 Bd6 16. Bxd6 Rxd6 17. Nbd2 Na5 18. Bc2 Rfd8 19. Ne4 Nxe4 20. Bxe4 Bxe4
21. Rxe4 Nc4 22. Rae1 Kf8 23. b3 Nd2 24. Nxd2 Rxd2 25. a4 Rd1 26. Kf1 Rxe1+ 27.
Kxe1 Rd3 28. Re3 Rxe3+ 29. fxe3 Ke7 30. Ke2 Ke6 31. Kd3 Ke5 32. g3 c5 33. c4 b4
34. a5 f6 35. e4 h5 36. h4 g6 37. Ke3 g5 38. hxg5 fxg5 39. Kf3 Kd4 40. e5 Kxe5
41. Ke3 h4 0-1

[Event "Wayne County Open"]
[Site "Detroit, Mich."]
[Date "1991.01.06"]
[Round "5"]
[White "Moody, David"]
[Black "Everett, Morgan"]
[Result "1-0"]
[WhiteElo "2043"]
[BlackElo "2123"]
[PlyCount "99"]
[EventDate "1991.01.05"]

1. e4 e5 2. Nf3 Nc6 3. d4 exd4 4. Bc4 d6 5. Nxd4 Nf6 6. Nc3 Be7 7. O-O O-O 8.
Bg5 h6 9. Bh4 Nxe4 10. Nxc6 bxc6 11. Bxe7 Qxe7 12. Re1 Nxc3 13. Rxe7 Nxd1 14.
Rxd1 Bf5 15. Rxc7 Bxc2 16. Rxd6 Rfd8 17. Rxf7 Rxd6 18. Rd7+ Rd5 19. Rxd5 Kh7
20. Bd3+ Bxd3 21. Rxd3 Rb8 22. b3 Rb7 23. Kf1 Rc7 24. Rc3 Kg6 25. Rc5 Kf6 26.
b4 a6 27. a4 Ke6 28. b5 axb5 29. axb5 Kd6 30. Rxc6+ Rxc6 31. bxc6 Kxc6 32. Ke2
Kd6 33. Kf3 Ke5 34. Ke3 Kf5 35. Kf3 Ke5 36. Kg4 Kf6 37. f4 Kg6 38. f5+ Kf6 39.
Kf4 Kf7 40. g4 Kf6 41. h4 Kf7 42. Ke5 Ke7 43. g5 hxg5 44. hxg5 Kf7 45. Kd6 Kf8
46. g6 Kg8 47. Ke7 Kh8 48. f6 Kg8 49. f7+ Kh8 50. f8=Q# 1-0

[Event "Wayne County Open"]
[Site "Detroit, Mich."]
[Date "1991.01.06"]
[Round "4"]
[White "Grossman, Jay"]
[Black "Moody, David"]
[Result "0-1"]
[WhiteElo "1692"]
[BlackElo "2043"]
[PlyCount "66"]
[EventDate "1991.01.05"]

1. e4 e5 2. Nf3 Nc6 3. Bb5 a6 4. Ba4 Nf6 5. O-O Be7 6. Re1 b5 7. Bb3 O-O 8. d4
exd4 9. Nxd4 Nxd4 10. Qxd4 c5 11. Qc3 c4 12. Bxc4 bxc4 13. Qxc4 Bb7 14. Nc3 Rc8
15. Qd3 d5 16. e5 Ne4 17. Ne2 Bc5 18. Rf1 Qb6 19. Qf3 Rfe8 20. c3 Rxe5 21. Bf4
Re6 22. b4 Bd6 23. Be3 Qc7 24. Nd4 Rf6 25. Nf5 Qxc3 26. Rac1 Qe5 27. Bf4 Qxf5
28. Bxd6 Nxd6 29. Rxc8+ Qxc8 30. Qe3 Rg6 31. Rc1 Qe6 32. Qa7 d4 33. Qb8+ Qe8
0-1

[Event "Wayne County Open"]
[Site "Detroit, Mich."]
[Date "1991.01.06"]
[Round "6"]
[White "Brooks, John"]
[Black "Moody, David"]
[Result "1-0"]
[WhiteElo "2233"]
[BlackElo "2043"]
[PlyCount "69"]
[EventDate "1991.01.05"]

1. d4 Nf6 2. c4 c5 3. d5 e6 4. Nc3 exd5 5. cxd5 d6 6. e4 g6 7. Bb5+ Bd7 8. Be2
Bg7 9. Bf4 Qe7 10. Qc2 O-O 11. Nf3 b5 12. Bxb5 Nxe4 13. Nxe4 Bxb5 14. Bxd6 Qe8
15. O-O-O Nd7 16. Rhe1 Qd8 17. Bxf8 Kxf8 18. Nd6 Qb6 19. Nxb5 Qxb5 20. Re2 Rb8
21. a3 Qa6 22. Qe4 Qf6 23. d6 Kg8 24. Qh4 g5 25. Nxg5 Bh6 26. f4 c4 27. Qg4 Qg6
28. Qxd7 Bxg5 29. fxg5 Qxg5+ 30. Kb1 Qg6+ 31. Ka2 c3 32. Re8+ Rxe8 33. Qxe8+
Kg7 34. Qe5+ f6 35. Qxc3 1-0

[Event "Michigan Masters/Experts"]
[Site "Flint, Mich."]
[Date "1991.01.26"]
[Round "2"]
[White "Moody, David"]
[Black "Chehayeb, Salah"]
[Result "1-0"]
[WhiteElo "2043"]
[BlackElo "2150"]
[PlyCount "75"]
[EventDate "1991.01.26"]

1. e4 e5 2. Nf3 Nc6 3. d4 exd4 4. Bc4 Nf6 5. O-O Nxe4 6. Re1 d5 7. Nc3 dxc4 8.
Rxe4+ Be6 9. Nxd4 Nxd4 10. Rxd4 Bd6 11. Bf4 O-O 12. Ne4 Bxf4 13. Rxd8 Raxd8 14.
Qf3 Be5 15. Ng5 Bd5 16. Qf5 Rfe8 17. Qxh7+ Kf8 18. Qh8+ Ke7 19. Qh4 Rh8 20.
Nh7+ f6 21. Re1 Kf7 22. g4 Rde8 23. Re3 Bc6 24. g5 Rd8 25. g6+ Kxg6 26. Qg4+
Kf7 27. Ng5+ fxg5 28. Rxe5 Rh6 29. Rxg5 Kf8 30. Rxg7 Rd1+ 31. Qxd1 Kxg7 32.
Qd4+ Kh7 33. Qxc4 Rg6+ 34. Kf1 a6 35. Qh4+ Kg7 36. Qe7+ Kh6 37. Qxc7 Kh5 38. f4
1-0